000
00311nam a22001217a 4500
082
_a
220 PRO
100
_a
KINZA, AWAIS, ANUM
_9
71641
245
_a
PR-SOF-1351-SEGWAY ELECTRIC VEHICLE
260
_a
ISLAMABAD
_b
NUST COLLEGE OF EME
_c
2014
650
_a
DE-MTS-32
700
_a
DR UMER IZHAR
_9
29344
942
_c
CR
999
_c
578048
_d
578048